000 00801nam a2200253 i 4500
001 C2-0320121
003 PPAK
005 20180728115658.0
008 121209s2012 my |||| ||||| | may d
020 _a9789678921763
040 _aPPAK
_beng
_cPPAK
_erda
082 0 4 _a344.595046
_223
090 0 0 _a344.595046
_bMAL
_dR
110 2 _aMalaysia
245 0 0 _aAkta Kualiti Alam Sekeliling 1974 (Akta 127), peraturan-peraturan & perintah-perintah :
_b(hingga 10hb Januari 2012)
264 1 _aPetaling Jaya, Selangor :
_bInternational Law Book Services ,
_c2012
300 _a456 pages ;
_c24 cm
336 _2rdacontent
_atext
337 _2rdamedia
_aunmediated
338 _2rdacarrier
_avolume
650 1 0 _aEnvironmental law - Malaysia.
710 2 _aMalaysia
_eorganizer
942 _ddc
_cB
999 _c120868
_d120868